[Event "Janske Lazne op"]
[Site "Janske Lazne"]
[Date "2013.05.11"]
[Round "7"]
[White "Chalupecky, Vladimir"]
[Black "Rosko, Lubos"]
[Result "0-1"]
[WhiteElo "1970"]
[BlackElo "2332"]
[PlyCount "78"]
[EventDate "2013.05.07"]
[EventType "swiss"]
[EventRounds "8"]
[EventCountry "CZE"]
[SourceTitle "CBM 154 Extra"]
[Source "ChessBase"]
[SourceDate "2013.06.25"]
[SourceVersion "2"]
[SourceVersionDate "2013.06.25"]
[SourceQuality "1"]

1. e4 c5 2. Nf3 d6 3. d4 cxd4 4. Nxd4 Nf6 5. Nc3 a6 6. Be2 e5 7. Nb3 Be7 8. Be3 0-0 9. f3 Be6 10. Qd2 Nbd7 11. Nd5 Nxd5 12. exd5 Bf5 13. Bd3 Bxd3 14. Qxd3 Bh4+ 15. g3 Bg5 16. 0-0-0 Bxe3+ 17. Qxe3 b5 18. f4 Rc8 19. Rd3 exf4 20. gxf4 Re8 21. Qg3 Qf6 22. Rg1 Re4 23. Qh3 Qxf4+ 24. Kb1 Qf2 25. Rc1 Re1 26. c3 Rd8 27. Nd4 Rxc1+ 28. Kxc1 Ne5 29. Rd2 Qe1+ 30. Rd1 Qe4 31. Qg3 g6 32. b3 Qxd5 33. Qh4 Rc8 34. Qg3 Qe4 35. Kd2 b4 36. Qe3 bxc3+ 37. Ke2 Qg2+ 38. Qf2 Qxf2+ 39. Kxf2 c2 0-1

[Event "Tabor op"]
[Site "Tabor"]
[Date "2012.08.02"]
[Round "6"]
[White "Steiner, Bruno"]
[Black "Chalupecky, Vladimir"]
[Result "1/2-1/2"]
[WhiteElo "2173"]
[BlackElo "1964"]
[PlyCount "109"]
[EventDate "2012.07.29"]
[EventType "swiss"]
[EventRounds "9"]
[EventCountry "CZE"]
[SourceTitle "EXT 2013"]
[Source "ChessBase"]
[SourceDate "2012.11.22"]
[SourceVersion "1"]
[SourceVersionDate "2012.11.22"]
[SourceQuality "1"]

1. c4 e5 2. g3 f5 3. Nc3 Nf6 4. d4 exd4 5. Qxd4 Nc6 6. Qe3+ Qe7 7. Bg2 Qxe3 8. Bxe3 Bb4 9. Bd2 Ne5 10. a3 Bxc3 11. Bxc3 d6 12. c5 Ke7 13. cxd6+ cxd6 14. Rc1 Rd8 15. Nf3 Nxf3+ 16. Bxf3 d5 17. Bxf6+ Kxf6 18. 0-0 Be6 19. Rc7 Rab8 20. Rd1 Rd6 21. e3 Rc6 22. Rc1 Rxc1+ 23. Rxc1 Rf8 24. Kf1 Ke5 25. Ke2 g5 26. Bg2 f4 27. exf4+ gxf4 28. Rc7 fxg3 29. fxg3 Bg4+ 30. Ke1 Rc8 31. Rxc8 Bxc8 32. Kd2 Kd4 33. Bf1 Bf5 34. Be2 b6 35. h4 Be4 36. g4 Ke5 37. g5 d4 38. h5 Kf5 39. g6 hxg6 40. hxg6 Kxg6 41. Bd3 Kf5 42. Bc4 Ke5 43. Bf7 Kd6 44. Bh5 Kc5 45. Be2 a5 46. Bf1 Bd5 47. Be2 Bc4 48. Bg4 b5 49. Bh5 b4 50. axb4+ Kxb4 51. Bd1 a4 52. Bh5 Bb5 53. Bg4 Bf1 54. Bh5 d3 55. Bg4 1/2-1/2

[Event "Tabor op"]
[Site "Tabor"]
[Date "2011.08.01"]
[Round "3"]
[White "Chalupecky, Vladimir"]
[Black "Simacek, Vaclav"]
[Result "1-0"]
[WhiteElo "1995"]
[BlackElo "1834"]
[PlyCount "73"]
[EventDate "2011.07.31"]
[EventType "swiss"]
[EventRounds "9"]
[EventCountry "CZE"]
[SourceTitle "CBM 143 Extra"]
[Source "ChessBase"]
[SourceDate "2011.08.29"]
[SourceVersion "1"]
[SourceVersionDate "2011.08.29"]
[SourceQuality "1"]

1. e4 Nc6 2. d4 d5 3. e5 Bf5 4. c3 e6 5. Nf3 h6 6. b4 a6 7. a4 Be7 8. Nbd2 g5 9. Nb3 g4 10. Ng1 f6 11. f4 fxe5 12. dxe5 Bh4+ 13. Ke2 Nge7 14. Be3 Ng6 15. b5 d4 16. bxc6 dxe3 17. Qxd8+ Rxd8 18. Kxe3 bxc6 19. Nd4 Kf7 20. Nxf5 exf5 21. Bxa6 Be7 22. Ne2 Bc5+ 23. Nd4 Ne7 24. Bc4+ Nd5+ 25. Bxd5+ cxd5 26. Kd3 Bxd4 27. Kxd4 Ke6 28. Rhb1 Rb8 29. Rb5 c6 30. Rxb8 Rxb8 31. a5 Ra8 32. a6 Kd7 33. a7 Kc7 34. Kc5 Kb7 35. Kd6 Rd8+ 36. Ke7 Ra8 37. Kd7 1-0

[Event "Tabor op"]
[Site "Tabor"]
[Date "2011.08.01"]
[Round "2"]
[White "Michalek, Jan"]
[Black "Chalupecky, Vladimir"]
[Result "1-0"]
[WhiteElo "2322"]
[BlackElo "1995"]
[PlyCount "45"]
[EventDate "2011.07.31"]
[EventType "swiss"]
[EventRounds "9"]
[EventCountry "CZE"]
[SourceTitle "CBM 143 Extra"]
[Source "ChessBase"]
[SourceDate "2011.08.29"]
[SourceVersion "1"]
[SourceVersionDate "2011.08.29"]
[SourceQuality "1"]

1. Nf3 d6 2. e4 e5 3. d4 Nd7 4. Bc4 c6 5. 0-0 Be7 6. dxe5 dxe5 7. Ng5 Bxg5 8. Qh5 g6 9. Qxg5 Qxg5 10. Bxg5 Nc5 11. f3 Be6 12. Be2 b5 13. Be3 Na4 14. b3 Nb6 15. a4 bxa4 16. Nc3 Ne7 17. Nxa4 Nxa4 18. Rxa4 Nc8 19. Bc5 Kd7 20. Rfa1 Kc7 21. Kf2 Rd8 22. Ke3 Nb6 23. Rxa7+ 1-0

[Event "Tabor op"]
[Site "Tabor"]
[Date "2010.08.03"]
[Round "4"]
[White "Trepka, Jan"]
[Black "Chalupecky, Vladimir"]
[Result "1-0"]
[WhiteElo "2109"]
[BlackElo "1983"]
[PlyCount "61"]
[EventDate "2010.08.01"]
[EventType "swiss"]
[EventRounds "9"]
[EventCountry "CZE"]
[SourceTitle "EXT 2012"]
[Source "ChessBase"]
[SourceDate "2011.11.24"]
[SourceVersion "1"]
[SourceVersionDate "2011.11.24"]
[SourceQuality "1"]

1. d4 d6 2. c4 Nd7 3. e4 e5 4. d5 Nc5 5. Nc3 f5 6. f3 f4 7. g3 fxg3 8. hxg3 Nf6 9. Be3 b6 10. b4 Nb7 11. Bh3 Bxh3 12. Nxh3 Qd7 13. Ng5 h6 14. f4 a5 15. a3 axb4 16. axb4 Rxa1 17. Qxa1 Nd8 18. f5 Be7 19. Ne6 Nxe6 20. fxe6 Qd8 21. Qa4+ Kf8 22. Rf1 Kg8 23. Kd2 Kh7 24. Qd1 Qa8 25. g4 Qa3 26. g5 Qb2+ 27. Kd3 hxg5 28. Bxg5 Ra8 29. Bxf6 Bxf6 30. Qh5+ Kg8 31. Qf7+ 1-0

[Event "Pardubice Czech op2"]
[Site "Pardubice"]
[Date "2007.07.14"]
[Round "5"]
[White "Chalupecky, Vladimir"]
[Black "Marsalek, Zdenek"]
[Result "0-1"]
[WhiteElo "2045"]
[BlackElo "2217"]
[PlyCount "96"]
[EventDate "2007.07.12"]
[EventType "swiss"]
[EventRounds "7"]
[EventCountry "CZE"]
[SourceTitle "EXT 2008"]
[Source "ChessBase"]
[SourceDate "2007.11.25"]
[SourceVersion "1"]
[SourceVersionDate "2007.11.25"]
[SourceQuality "1"]

1. e4 c5 2. Nf3 Nc6 3. d4 cxd4 4. Nxd4 e5 5. Nxc6 bxc6 6. c4 Rb8 7. b3 Nf6 8. Qc2 Bc5 9. Be2 Bd4 10. Bb2 Qa5+ 11. Bc3 Bxc3+ 12. Qxc3 Qc5 13. Nd2 0-0 14. 0-0 Re8 15. Rfc1 a5 16. a3 d6 17. Bf3 Re7 18. Re1 h6 19. Qe3 Nh7 20. Qxc5 dxc5 21. a4 Nf8 22. Bd1 Ne6 23. Nf3 Nd4 24. Nxd4 cxd4 25. Bc2 Rd7 26. Red1 d3 27. Rxd3 Rxd3 28. Bxd3 Rxb3 29. Rd1 Ba6 30. Bf1 Rb4 31. f4 exf4 32. Rd8+ Kh7 33. Ra8 Bxc4 34. Bxc4 Rxc4 35. Rxa5 Rxe4 36. Kf2 g5 37. Rc5 Rxa4 38. Rxc6 Ra3 39. h3 Kg7 40. Rc2 Re3 41. Ra2 h5 42. Ra5 f6 43. Ra7+ Kg6 44. Ra8 h4 45. Rg8+ Kf5 46. Ra8 Rg3 47. Ra5+ Kg6 48. Ra8 f3 0-1

[Event "CZE-chT2c 0607"]
[Site "Czech Republic"]
[Date "2007.04.15"]
[Round "11.7"]
[White "Chalupecky, Vladimir"]
[Black "Eisner, Michal"]
[Result "1-0"]
[WhiteElo "2027"]
[BlackElo "2164"]
[PlyCount "92"]
[EventDate "2006.10.15"]
[EventType "team"]
[EventRounds "11"]
[EventCountry "CZE"]
[SourceTitle "EXT 2008"]
[Source "ChessBase"]
[SourceDate "2007.11.25"]
[SourceVersion "1"]
[SourceVersionDate "2007.11.25"]
[SourceQuality "1"]
[WhiteTeam "Vrchlabi"]
[BlackTeam "Kolin"]
[WhiteTeamCountry "CZE"]
[BlackTeamCountry "CZE"]

1. e4 c5 2. Nf3 e6 3. d4 cxd4 4. Nxd4 a6 5. Be3 Qc7 6. c4 Nf6 7. Nd2 Nc6 8. Nxc6 dxc6 9. f4 e5 10. f5 Bb4 11. Qf3 Bd7 12. Bd3 0-0-0 13. a3 Bxd2+ 14. Bxd2 c5 15. b4 Ba4 16. Ke2 Rd7 17. Rhc1 Rhd8 18. Rc3 Nxe4 19. Qxe4 Bc6 20. Qg4 e4 21. Bf4 exd3+ 22. Kd2 Qb6 23. Be3 Re8 24. f6 Rxe3 25. Kxe3 gxf6 26. Rxd3 cxb4+ 27. Ke2 bxa3 28. Rad1 Qb2+ 29. Kf1 f5 30. Qg8+ Kc7 31. Rxd7+ Bxd7 32. Qxf7 a2 33. Qxd7+ Kb8 34. Qe8+ Kc7 35. Rd7+ Kb6 36. Qe6+ Ka5 37. Qe1+ Ka4 38. Rd1 b5 39. c5 Qc2 40. Rc1 Qd3+ 41. Qe2 Qxe2+ 42. Kxe2 b4 43. c6 b3 44. c7 b2 45. c8Q b1Q 46. Qxa6+ Kb3 1-0

[Event "CZE-chT2c 0607"]
[Site "Czech Republic"]
[Date "2007.02.11"]
[Round "7.6"]
[White "Munk, Petr"]
[Black "Chalupecky, Vladimir"]
[Result "1-0"]
[WhiteElo "2220"]
[BlackElo "2027"]
[PlyCount "96"]
[EventDate "2006.10.15"]
[EventType "team"]
[EventRounds "11"]
[EventCountry "CZE"]
[SourceTitle "EXT 2008"]
[Source "ChessBase"]
[SourceDate "2007.11.25"]
[SourceVersion "1"]
[SourceVersionDate "2007.11.25"]
[SourceQuality "1"]
[WhiteTeam "Lysa nad Labem"]
[BlackTeam "Vrchlabi"]
[WhiteTeamCountry "CZE"]
[BlackTeamCountry "CZE"]

1. e4 e5 2. Nf3 d6 3. d4 Nd7 4. c4 Ngf6 5. Nc3 Be7 6. Be2 0-0 7. 0-0 c6 8. h3 Qc7 9. Be3 Re8 10. d5 Nf8 11. Qd2 Ng6 12. Rfd1 Bd7 13. c5 cxd5 14. cxd6 Qxd6 15. exd5 Bd8 16. Nb5 Bxb5 17. Bxb5 Re7 18. b4 Bb6 19. Bc5 Bxc5 20. bxc5 Qxc5 21. d6 Ne4 22. Qe3 Qxe3 23. fxe3 Re6 24. d7 Rd8 25. Rac1 Kf8 26. Bd3 Nf6 27. Bf5 Rc6 28. Rxc6 bxc6 29. Bxg6 hxg6 30. Nxe5 a6 31. Kf1 Nd5 32. Ke1 Ne7 33. e4 f6 34. Nc4 g5 35. Na5 c5 36. Nb7 Nc6 37. Rd6 Ke7 38. Rxc6 Rxd7 39. Nxc5 Rd4 40. Re6+ Kf7 41. Rxa6 Rc4 42. Ra7+ Kg6 43. Rc7 Kh5 44. Kf1 Kh4 45. Ne6 Rxe4 46. Nxg7 Rf4+ 47. Kg1 Rb4 48. Nf5+ Kh5 1-0

[Event "Hradec Kralove Region-chT 0506"]
[Site "Czech Republic"]
[Date "2006.01.08"]
[Round "5.6"]
[White "Chalupecky, Vladimir"]
[Black "Machlowski, Slawomir"]
[Result "0-1"]
[WhiteElo "2039"]
[BlackElo "2060"]
[PlyCount "80"]
[EventDate "2005.10.23"]
[EventType "team-tourn"]
[EventRounds "11"]
[EventCountry "CZE"]
[SourceTitle "EXT 2024"]
[Source "ChessBase"]
[SourceDate "2023.10.10"]
[SourceVersion "1"]
[SourceVersionDate "2023.10.10"]
[SourceQuality "1"]
[WhiteTeam "Vrchlabi"]
[BlackTeam "Rychnov nad Kneznou"]
[WhiteTeamCountry "CZE"]
[BlackTeamCountry "CZE"]

1. e4 e6 2. d4 c5 3. c3 d5 4. exd5 exd5 5. Nf3 Bd6 6. Be3 c4 7. b4 Ne7 8. Be2 0-0 9. 0-0 Nf5 10. Bd2 Re8 11. Na3 Nd7 12. Nc2 Nf6 13. Bg5 h6 14. Bxf6 Qxf6 15. Re1 Bd7 16. Qd2 g5 17. h3 Bf4 18. Qd1 Bc7 19. g4 Ng7 20. Ne3 Qd6 21. Bf1 f5 22. Ne5 f4 23. Nxd5 Bc6 24. Nxc7 Rxe5 25. Rxe5 Qxc7 26. Bxc4+ Kf8 27. Qd3 Be8 28. Rae1 b6 29. Bd5 Rd8 30. Qh7 Rxd5 31. Rxd5 Bf7 32. Rde5 Qxc3 33. Qh8+ Bg8 34. Qxh6 Bf7 35. Qd6+ Kg8 36. Qd8+ Kh7 37. d5 Qxh3 38. Qxg5 f3 39. Qxg7+ Kxg7 40. Rg5+ Kf8 0-1

[Event "CZE-chT2c 0405"]
[Site "Czech Republic"]
[Date "2005.03.06"]
[Round "9.5"]
[White "Prochazka, Dalibor"]
[Black "Chalupecky, Vladimir"]
[Result "0-1"]
[WhiteElo "2163"]
[BlackElo "2075"]
[PlyCount "152"]
[EventDate "2004.10.17"]
[EventType "team"]
[EventRounds "11"]
[EventCountry "CZE"]
[SourceTitle "EXT 2007"]
[Source "ChessBase"]
[SourceDate "2006.11.23"]
[SourceVersion "1"]
[SourceVersionDate "2006.11.23"]
[SourceQuality "1"]
[WhiteTeam "Praha Praga"]
[BlackTeam "Vrchlabi"]
[WhiteTeamCountry "CZE"]
[BlackTeamCountry "CZE"]

1. e4 e5 2. f4 d6 3. Nf3 Nd7 4. Bc4 Be7 5. d3 Bh4+ 6. g3 Bf6 7. c3 Nb6 8. Bb3 Ne7 9. 0-0 0-0 10. f5 Nc6 11. g4 h6 12. Qe1 Kh7 13. g5 hxg5 14. Qg3 d5 15. Bxg5 Kg8 16. Qh4 Qd6 17. Bxf6 Qxf6 18. Qxf6 gxf6 19. Kf2 Na5 20. Bc2 Bd7 21. Nbd2 c5 22. Rac1 Rfd8 23. Rg1+ Kf8 24. Rg3 Rac8 25. Rcg1 Ke7 26. Rg7 Na4 27. Bxa4 Bxa4 28. b3 Bb5 29. c4 dxc4 30. dxc4 Ba6 31. Rh7 Rh8 32. Rgg7 Rxh7 33. Rxh7 b5 34. cxb5 Bxb5 35. Nh4 Be8 36. Ke3 c4 37. bxc4 Nxc4+ 38. Nxc4 Rxc4 39. Nf3 Bc6 40. Nd2 Rc3+ 41. Ke2 Bb5+ 42. Kd1 Ra3 43. Rh8 Rxa2 44. h4 Bd3 45. Ke1 Ra4 46. Kf2 Bxe4 47. Nxe4 Rxe4 48. Kg3 Rf4 49. Ra8 Rxf5 50. Rxa7+ Kf8 51. Ra8+ Kg7 52. Ra4 Rf1 53. Kg2 Rd1 54. Kg3 f5 55. Ra6 Rd3+ 56. Kg2 f4 57. h5 Rg3+ 58. Kh2 f6 59. h6+ Kxh6 60. Rxf6+ Kg5 61. Rf8 Kg4 62. Re8 Kf5 63. Ra8 Rg7 64. Ra5 f3 65. Ra3 e4 66. Ra5+ Kf4 67. Ra8 f2 68. Re8 Kf3 69. Rf8+ Ke2 70. Rf4 e3 71. Re4 Kf3 72. Rh4 f1N+ 73. Kh1 Ng3+ 74. Kh2 e2 75. Rh3 e1Q 76. Rxg3+ Qxg3+ 0-1

[Event "CZE-chT2c 0405"]
[Site "Czech Republic"]
[Date "2004.12.05"]
[Round "4.5"]
[White "Chalupecky, Vladimir"]
[Black "Stolba, Milos"]
[Result "1-0"]
[WhiteElo "2075"]
[BlackElo "2092"]
[PlyCount "119"]
[EventDate "2004.10.17"]
[EventType "team"]
[EventRounds "11"]
[EventCountry "CZE"]
[SourceTitle "EXT 2007"]
[Source "ChessBase"]
[SourceDate "2006.11.23"]
[SourceVersion "1"]
[SourceVersionDate "2006.11.23"]
[SourceQuality "1"]
[WhiteTeam "Vrchlabi"]
[BlackTeam "Kutna Hora"]
[WhiteTeamCountry "CZE"]
[BlackTeamCountry "CZE"]

1. e4 e5 2. Nf3 Nc6 3. d4 exd4 4. Nxd4 Bc5 5. Be3 Qf6 6. c3 Nge7 7. f4 d5 8. e5 Qh6 9. Qf3 Bxd4 10. cxd4 Bf5 11. Bb5 0-0 12. 0-0 Be4 13. Qf2 Nf5 14. Nc3 Nb4 15. Nxe4 dxe4 16. Rad1 Nd5 17. Bc1 Qb6 18. Bc4 Rad8 19. b3 Nc3 20. Rde1 Nxd4 21. Bb2 Nxa2 22. Rxe4 Nc6 23. Qxb6 axb6 24. Ra1 Nab4 25. Ba3 Ra8 26. Bb2 Rxa1+ 27. Bxa1 Rd8 28. Bc3 Nd5 29. Bb2 Nce7 30. g4 c6 31. f5 b5 32. Be2 h5 33. f6 gxf6 34. exf6 Ng6 35. gxh5 Ngf4 36. Kf2 Kh7 37. Kf3 Rg8 38. Rxf4 Nxf4 39. Kxf4 Rg2 40. Ke3 Rxh2 41. Be5 Rh3+ 42. Bf3 c5 43. Kf4 Rh2 44. Kg5 Rd2 45. Be4+ Kh8 46. Kf5 Rd7 47. Bf4 c4 48. b4 Rd1 49. Bh6 c3 50. Ke5 Kg8 51. Bg7 Re1 52. Kd4 b6 53. Bc2 Rg1 54. h6 Rg4+ 55. Kxc3 Rc4+ 56. Kb3 Rxb4+ 57. Ka3 Rh4 58. h7+ Rxh7 59. Bxh7+ Kxh7 60. Kb4 1-0

[Event "CZE-chT2V 0203"]
[Site "Czech Republic"]
[Date "2003.??.??"]
[Round "4"]
[White "Chalupecky, Vladimir"]
[Black "Benes, Petr"]
[Result "1/2-1/2"]
[WhiteElo "2147"]
[BlackElo "2143"]
[PlyCount "22"]
[EventDate "2002.10.??"]
[EventType "team"]
[EventRounds "11"]
[EventCountry "CZE"]
[SourceTitle "EXT 2007"]
[Source "ChessBase"]
[SourceDate "2006.11.23"]
[SourceVersion "1"]
[SourceVersionDate "2006.11.23"]
[SourceQuality "1"]
[WhiteTeam "Vrchlabi"]
[BlackTeam "Polabiny III"]
[WhiteTeamCountry "CZE"]
[BlackTeamCountry "CZE"]

1. e4 d6 2. d4 Nf6 3. Nc3 c6 4. Nf3 Qa5 5. Bd3 e5 6. dxe5 dxe5 7. Be3 Be7 8. 0-0 Bg4 9. h3 Bh5 10. g4 Bg6 11. Bd2 Qc7 1/2-1/2

[Event "CZE-chT2V 0203"]
[Site "Czech Republic"]
[Date "2003.??.??"]
[Round "5"]
[White "Chalupecky, Vladimir"]
[Black "Pokorny, Zdenek"]
[Result "0-1"]
[WhiteElo "2147"]
[BlackElo "2282"]
[PlyCount "122"]
[EventDate "2002.10.??"]
[EventType "team"]
[EventRounds "11"]
[EventCountry "CZE"]
[SourceTitle "EXT 2007"]
[Source "ChessBase"]
[SourceDate "2006.11.23"]
[SourceVersion "1"]
[SourceVersionDate "2006.11.23"]
[SourceQuality "1"]
[WhiteTeam "Vrchlabi"]
[BlackTeam "Chrudim"]
[WhiteTeamCountry "CZE"]
[BlackTeamCountry "CZE"]

1. e4 e5 2. Nf3 Nc6 3. d4 exd4 4. Nxd4 Qh4 5. Qd3 Nf6 6. Nd2 Bc5 7. g3 Qh5 8. Be2 Qe5 9. Nxc6 dxc6 10. f4 Qe7 11. e5 Nd5 12. Nb3 Bb6 13. Bd2 Bh3 14. Qf3 h5 15. 0-0-0 0-0-0 16. c4 Bg4 17. Qe4 Nf6 18. Qg2 Bxe2 19. Qxe2 Ng4 20. Rhf1 f5 21. h3 Nf6 22. Qe1 Ne4 23. Rf3 Qe6 24. Qe2 h4 25. gxh4 Bd4 26. Be3 Bxe3+ 27. Rxe3 Rxd1+ 28. Kxd1 Rxh4 29. Rf3 Qh6 30. Qe3 Rxh3 31. Rxh3 Qxh3 32. Qxh3 Nf2+ 33. Ke2 Nxh3 34. Ke3 b6 35. Nd4 Kd7 36. Nxf5 g5 37. fxg5 Nxg5 38. Kf4 Ne6+ 39. Ke4 Nc5+ 40. Kd4 Ne6+ 41. Ke3 c5 42. b3 a5 43. Ng3 Nd4 44. Ke4 Ke6 45. Nh5 c6 46. Nf4+ Ke7 47. Nh3 Ne2 48. Nf4 Nc3+ 49. Kf5 Nxa2 50. e6 Nc1 51. Ng6+ Ke8 52. Ne5 Nxb3 53. Kf6 Nd2 54. e7 a4 55. Ke6 a3 56. Ng4 Ne4 57. Ne3 a2 58. Nc2 Nd2 59. Kd6 Nxc4+ 60. Kxc6 Kxe7 61. Kb5 Na3+ 0-1

[Event "CZE-chT2V 0203"]
[Site "Czech Republic"]
[Date "2003.??.??"]
[Round "4"]
[White "Kastner, Oldrich"]
[Black "Chalupecky, Vladimir"]
[Result "1-0"]
[WhiteElo "2188"]
[BlackElo "2147"]
[PlyCount "51"]
[EventDate "2002.10.??"]
[EventType "team"]
[EventRounds "11"]
[EventCountry "CZE"]
[SourceTitle "EXT 2007"]
[Source "ChessBase"]
[SourceDate "2006.11.23"]
[SourceVersion "1"]
[SourceVersionDate "2006.11.23"]
[SourceQuality "1"]
[WhiteTeam "Synthesia II"]
[BlackTeam "Vrchlabi"]
[WhiteTeamCountry "CZE"]
[BlackTeamCountry "CZE"]

1. e4 b6 2. d4 Bb7 3. Nc3 e6 4. Nf3 Nf6 5. Bd3 d5 6. e5 Ne4 7. 0-0 c5 8. Ne2 Be7 9. c3 Nc6 10. Ne1 f5 11. Nf4 Kd7 12. dxc5 Nxc5 13. Bb5 g5 14. Ne2 Qc7 15. b4 Na6 16. Nd4 Rad8 17. Bxc6+ Bxc6 18. b5 Bb7 19. bxa6 Ba8 20. Nef3 g4 21. Qa4+ Kc8 22. Nxe6 Qxc3 23. Bd2 Qd3 24. Rac1+ Kb8 25. Nxd8 Rxd8 26. Bf4 1-0